=LDR 00000nam 2200000 4500 =001 INLIS000000000021087 =005 20130612120000 =008 ***********************************Ind** =035 ##$$0010-061300000021087 =041 ##$$a Ind =082 ##$$a 371.332 =090 ##$$a 371.332, Mod m =245 ##$$a Model-model mengajar, Beberapa alternatif interaksi belajar mengajar =260 ##$$a 1984 $b Bandung =300 ##$$a 194 hlm, 21 cm =650 ##$$a Model =850 ##$$a NBPNMAT